[Event "5th EKA IIFL Investment 2019"]
[Site "Mumbai"]
[Date "2020.01.04"]
[Round "6.20"]
[White "Ameir, Moheb"]
[Black "Rios, Cristhian Camilo"]
[Result "1-0"]
[WhiteElo "2342"]
[BlackElo "2505"]
[Annotator "ChessBase"]
[PlyCount "81"]
[EventDate "2019.12.30"]
[EventType "swiss"]
[EventCountry "IND"]
[SourceTitle "playchess.com"]
[Source "ChessBase"]
[SourceQuality "1"]
[TimeControl "40/5400+30:1800+30"]

1. e4 {[%emt 0:01:51]} c5 {[%emt 0:00:00]} 2. Nf3 {[%emt 0:00:12]} Nc6 {[%emt 0:00:28]} 3. Bb5 {[%emt 0:00:10]} g6 {[%emt 0:00:34]} 4. Bxc6 {[%emt 0:00:05]} bxc6 {[%emt 0:01:08]} 5. O-O {[%emt 0:00:19]} Bg7 {[%emt 0:01:07]} 6. Re1 {[%emt 0:00:17]} Nh6 {[%emt 0:02:34]} 7. c3 {[%emt 0:00:12]} O-O {[%emt 0:00:53]} 8. h3 f5 {[%emt 0:03:30]} 9. e5 {[%emt 0:01:23]} Nf7 {[%emt 0:01:45]} 10. d4 {[%emt 0:00:21]} cxd4 {[%emt 0:04:24]} 11. cxd4 {[%emt 0:00:03]} c5 {[%emt 0:00:09]} 12. dxc5 Qc7 13. Be3 {[%emt 0:03:55]} Bb7 {[%emt 0:44:37]} 14. Nc3 {[%emt 0:03:46]} Qc6 {[%emt 0:01:28]} 15. Qa4 {[%emt 0:05:21]} Qxa4 {[%emt 0:00:24]} 16. Nxa4 {[%emt 0:00:02]} Bxf3 {[%emt 0:01:21]} 17. gxf3 {[%emt 0:00:02]} Nxe5 {[%emt 0:00:11]} 18. Kg2 {[%emt 0:01:24]} f4 {[%emt 0:03:31]} 19. Bd4 Rf5 {[%emt 0:04:19]} 20. Bxe5 {[%emt 0:04:48]} Rxe5 21. Red1 {[%emt 0:07:22]} d6 {[%emt 0:00:39]} 22. cxd6 {[%emt 0:03:50]} exd6 {[%emt 0:00:09]} 23. Rxd6 {[%emt 0:05:45]} Rg5+ {[%emt 0:00:29]} 24. Kf1 {[%emt 0:04:15]} Rh5 25. Rad1 Rxh3 {[%emt 0:03:48]} 26. Rd8+ {[%emt 0:02:40]} Rxd8 {[%emt 0:00:06]} 27. Rxd8+ {[%emt 0:00:03]} Kf7 {[%emt 0:00:09]} 28. Rd7+ {[%emt 0:01:02]} Kg8 {[%emt 0:00:22]} 29. Kg2 {[%emt 0:02:00]} Rh5 {[%emt 0:00:06]} 30. Rxa7 {[%emt 0:00:27]} Rg5+ {[%emt 0:00:06]} 31. Kf1 {[%emt 0:11:14]} h5 {[%emt 0:00:10]} 32. b4 {[%emt 0:10:51]} Rd5 {[%emt 0:08:52]} 33. Nc5 {[%emt 0:01:26]} Rd1+ {[%emt 0:00:21]} 34. Kg2 {[%emt 0:00:13]} Bc3 {[%emt 0:01:08]} 35. b5 {[%emt 0:00:54]} Rb1 {[%emt 0:01:02]} 36. a4 {[%emt 0:01:33]} Bd4 {[%emt 0:00:08]} 37. Ra8+ {[%emt 0:03:46]} Kf7 {[%emt 0:00:07]} 38. Ne4 {[%emt 0:00:09]} Rb4 {[%emt 0:00:04]} 39. a5 {[%emt 0:00:56]} g5 {[%emt 0:00:20]} 40. Nxg5+ {[%emt 0:00:00]} Kg6 {[%emt 0:00:00]} 41. Ne6 {[%emt 0:06:14]} 1-0

[Event "5th EKA IIFL Investment 2019"]
[Site "Mumbai"]
[Date "2020.01.04"]
[Round "6.21"]
[White "Sahoo, Utkal Ranjan"]
[Black "Nigmatov, Ortik"]
[Result "0-1"]
[WhiteElo "2329"]
[BlackElo "2474"]
[Annotator "ChessBase"]
[PlyCount "102"]
[EventDate "2019.12.30"]
[EventType "swiss"]
[EventCountry "IND"]
[SourceTitle "playchess.com"]
[Source "ChessBase"]
[SourceQuality "1"]
[TimeControl "40/5400+30:1800+30"]

1. d4 {[%emt 0:00:00]} Nf6 {[%emt 0:03:46]} 2. c4 {[%emt 0:00:00]} g6 {[%emt 0:00:08]} 3. Nc3 {[%emt 0:00:00]} Bg7 {[%emt 0:00:05]} 4. e4 {[%emt 0:00:03]} d6 {[%emt 0:00:04]} 5. f3 {[%emt 0:00:26]} O-O {[%emt 0:00:21]} 6. Be3 {[%emt 0:00:11]} c5 {[%emt 0:00:21]} 7. Nge2 {[%emt 0:00:49]} cxd4 {[%emt 0:01:09]} 8. Nxd4 {[%emt 0:00:28]} Nc6 {[%emt 0:00:06]} 9. Qd2 {[%emt 0:00:54]} Bd7 {[%emt 0:00:03]} 10. Be2 {[%emt 0:00:32]} Nxd4 {[%emt 0:00:11]} 11. Bxd4 {[%emt 0:00:09]} Bc6 {[%emt 0:01:01]} 12. O-O {[%emt 0:00:24]} a5 {[%emt 0:00:02]} 13. Kh1 {[%emt 0:02:29]} Nd7 {[%emt 0:03:26]} 14. Bxg7 {[%emt 0:02:01]} Kxg7 {[%emt 0:00:02]} 15. f4 {[%emt 0:00:28]} Qb6 {[%emt 0:03:51]} 16. Rae1 {[%emt 0:03:41]} Qc5 {[%emt 0:01:59]} 17. Rf3 {[%emt 0:03:15]} Nf6 {[%emt 0:24:19]} 18. Re3 {[%emt 0:08:44]} e6 {[%emt 0:03:03]} 19. b3 {[%emt 0:04:27]} Rad8 {[%emt 0:02:24]} 20. Bf3 {[%emt 0:02:20]} e5 {[%emt 0:11:55]} 21. Rd3 {[%emt 0:10:57]} exf4 {[%emt 0:02:17]} 22. e5 {[%emt 0:03:38]} Ng8 {[%emt 0:22:10]} 23. Bxc6 {[%emt 0:04:33]} bxc6 {[%emt 0:00:09]} 24. exd6 {[%emt 0:00:31]} Qf5 {[%emt 0:01:06]} 25. Re4 {[%emt 0:04:13]} Rfe8 {[%emt 0:02:27]} 26. Rdd4 {[%emt 0:25:04]} f3 {[%emt 0:01:12]} 27. Rf4 {[%emt 0:08:33]} Qe5 {[%emt 0:06:16]} 28. gxf3 {[%emt 0:03:42]} f5 {[%emt 0:00:17]} 29. Rd3 {[%emt 0:01:43]} c5 {[%emt 0:03:47]} 30. Rh4 {[%emt 0:02:40]} Nf6 {[%emt 0:01:14]} 31. f4 {[%emt 0:01:14]} Qe6 {[%emt 0:03:15]} 32. Rhh3 {[%emt 0:00:25]} Ne4 {[%emt 0:00:27]} 33. Qb2 {[%emt 0:01:39]} Qf6 {[%emt 0:00:43]} 34. Rhe3 {[%emt 0:01:55]} Re6 {[%emt 0:01:54]} 35. d7 {[%emt 0:00:56]} Kf7 {[%emt 0:01:06]} 36. Rd5 {[%emt 0:04:17]} Re7 {[%emt 0:00:48]} 37. Qc2 {[%emt 0:00:33]} Nxc3 {[%emt 0:00:31]} 38. Rxc3 {[%emt 0:00:31]} Rdxd7 {[%emt 0:00:30]} 39. Rcd3 {[%emt 0:00:16]} Rxd5 {[%emt 0:00:29]} 40. cxd5 {[%emt 0:00:00]} Qh4 {[%emt 0:00:00]} 41. Rd1 {[%emt 0:03:41]} Qxf4 {[%emt 0:06:12]} 42. Qg2 {[%emt 0:00:21]} Qd6 {[%emt 0:02:01]} 43. Qd2 {[%emt 0:01:36]} Kg7 {[%emt 0:01:09]} 44. Qxa5 {[%emt 0:00:48]} Re3 {[%emt 0:05:46]} 45. Qd2 {[%emt 0:00:42]} Qe5 {[%emt 0:00:38]} 46. Qf2 {[%emt 0:03:30]} Re2 {[%emt 0:01:02]} 47. Qh4 {[%emt 0:00:10]} f4 {[%emt 0:01:00]} 48. Qg4 {[%emt 0:00:57]} Qe4+ {[%emt 0:00:35]} 49. Kg1 {[%emt 0:00:02]} Qe3+ {[%emt 0:00:13]} 50. Kh1 {[%emt 0:00:05]} h5 {[%emt 0:00:11]} 51. Qg5 {[%emt 0:02:24]} Qf3+ {[%emt 0:00:05]} 0-1

[Event "5th EKA IIFL Investment 2019"]
[Site "Mumbai"]
[Date "2020.01.04"]
[Round "6.22"]
[White "Kulkarni, Vikramaditya"]
[Black "Lugovskoy, Maxim"]
[Result "1-0"]
[WhiteElo "2328"]
[BlackElo "2466"]
[Annotator "TA"]
[PlyCount "89"]
[EventDate "2019.12.30"]
[EventType "swiss"]
[EventCountry "IND"]
[SourceTitle "playchess.com"]
[Source "ChessBase"]
[SourceQuality "1"]

{[%evp 25,89,37,39,13,13,10,16,0,0,0,0,0,0,0,0,0,26,12,23,12,58,28,36,29,28,28,30,23,23,18,29,31,72,85,107,98,103,110,193,188,211,211,205,208,210,204,219,217,243,243,240,240,447,447,447,375,466,447,810,814,1786,1619,1784,1778,1597,1305]} 1. c4 e6 2. Nc3 d5 3. d4 Nf6 4. cxd5 exd5 5. Bg5 Nbd7 6. e3 c6 7. Bd3 Be7 8. Qc2 O-O 9. Nf3 Re8 10. O-O Nf8 11. Rae1 Be6 12. Ne5 N6d7 13. Bxe7 Rxe7 14. f4 {D36: Queen's Gambit Declined: Exchange Variation: Main line (5 Bg5 c6 6 Qc2)} f6 15. Nf3 Nb6 16. f5 {The position is equal.} Bf7 17. g4 Qd6 18. Nh4 Rae8 19. Ng2 {[#]} a6 $146 ({Predecessor:} 19... Nc4 20. Nd1 Nd7 21. b3 Na3 {1-0 (47) Razuvaev,Y (2535)-Beliavsky,A (2585) Sochi 1986}) 20. Qf2 Nbd7 21. Qf4 Qxf4 22. exf4 c5 23. Kf2 cxd4 24. Rxe7 Rxe7 25. Ne2 $1 Nc5 26. Rd1 Nfd7 27. Bc2 {[#]} d3 $1 {[%mdl 512]} 28. Bxd3 g6 29. Bc2 Nb6 30. Ne3 Rc7 31. Nc3 Rd7 (31... Kg7 $16 {is a better defense.}) 32. b4 $18 {[%cal Bb2b4,Bb4c5][%mdl 32]} d4 33. bxc5 dxe3+ 34. Kxe3 Nc4+ 35. Kf2 Rc7 36. Nd5 Rxc5 37. Nxf6+ Kg7 38. Nd7 Rc7 $2 (38... Rd5 39. f6+ Kg8 40. Rxd5 Bxd5) 39. f6+ Kg8 40. Ne5 Rc8 {[#] ...Nxe5 is the strong threat.} 41. Bb3 {White is clearly winning.} Nxe5 (41... Be6 $142 42. Bxc4 Bxc4) 42. fxe5 {Hoping for e6.} Bxb3 43. axb3 Re8 44. Rd5 Kf7 45. Ke3 {Accuracy: White = 75%, Black = 39%.} 1-0

[Event "5th EKA IIFL Investment 2019"]
[Site "Mumbai"]
[Date "2020.01.04"]
[Round "6.23"]
[White "Shyaamnikhil P"]
[Black "Pranav, Anand"]
[Result "1-0"]
[WhiteElo "2455"]
[BlackElo "2309"]
[Annotator "ChessBase"]
[PlyCount "59"]
[EventDate "2019.12.30"]
[EventType "swiss"]
[EventCountry "IND"]
[SourceTitle "playchess.com"]
[Source "ChessBase"]
[SourceQuality "1"]
[TimeControl "40/5400+30:1800+30"]

1. Nf3 {[%emt 0:00:55]} Nf6 {[%emt 0:00:00]} 2. d4 {[%emt 0:00:54]} g6 {[%emt 0:00:13]} 3. g3 {[%emt 0:00:48]} Bg7 {[%emt 0:00:08]} 4. Bg2 {[%emt 0:00:04]} O-O {[%emt 0:00:11]} 5. O-O {[%emt 0:00:05]} d6 {[%emt 0:00:07]} 6. Re1 {[%emt 0:00:32]} Nc6 {[%emt 0:09:07]} 7. d5 {[%emt 0:02:32]} Nb8 {[%emt 0:01:08]} 8. e4 {[%emt 0:05:45]} c6 {[%emt 0:03:51]} 9. c4 {[%emt 0:08:01]} cxd5 {[%emt 0:07:36]} 10. cxd5 {[%emt 0:03:15]} Na6 {[%emt 0:05:20]} 11. Nc3 {[%emt 0:01:09]} Bg4 {[%emt 0:18:54]} 12. h3 {[%emt 0:06:29]} Bxf3 {[%emt 0:01:32]} 13. Qxf3 {[%emt 0:00:44]} Nd7 {[%emt 0:08:14]} 14. Qe2 {[%emt 0:09:52]} Nac5 {[%emt 0:06:19]} 15. Be3 {[%emt 0:04:47]} Qa5 {[%emt 0:04:48]} 16. Rec1 {[%emt 0:04:00]} Rfc8 {[%emt 0:05:26]} 17. Rab1 {[%emt 0:04:20]} Na4 {[%emt 0:11:38]} 18. Nxa4 {[%emt 0:06:46]} Qxa4 {[%emt 0:00:08]} 19. b3 {[%emt 0:00:07]} Qb4 {[%emt 0:03:02]} 20. h4 {[%emt 0:07:14]} Nb6 {[%emt 0:06:09]} 21. h5 {[%emt 0:02:54]} Rxc1+ {[%emt 0:02:39]} 22. Rxc1 {[%emt 0:00:59]} Rc8 {[%emt 0:01:11]} 23. Rxc8+ {[%emt 0:02:06]} Nxc8 {[%emt 0:00:04]} 24. h6 {[%emt 0:00:32]} Bf8 {[%emt 0:03:21]} 25. Qc2 {[%emt 0:02:55]} Nb6 {[%emt 0:00:05]} 26. Bh3 {[%emt 0:00:21]} Qa3 {[%emt 0:01:08]} 27. Qd2 {[%emt 0:02:59]} Qa6 {[%emt 0:00:37]} 28. Bd4 {[%emt 0:11:17]} Qa3 {[%emt 0:00:30]} 29. Ba1 {[%emt 0:00:23]} Qc5 {[%emt 0:00:30]} 30. Qb2 {[%emt 0:00:38]} 1-0

[Event "5th EKA IIFL Investment 2019"]
[Site "Mumbai"]
[Date "2020.01.04"]
[Round "6.24"]
[White "Saravana, Krishnan P."]
[Black "Koustav Chatterjee"]
[Result "1/2-1/2"]
[WhiteElo "2304"]
[BlackElo "2447"]
[Annotator "TA"]
[PlyCount "125"]
[EventDate "2019.12.30"]
[EventType "swiss"]
[EventCountry "IND"]
[SourceTitle "playchess.com"]
[Source "ChessBase"]
[SourceQuality "1"]

{[%evp 21,125,4,9,7,57,57,62,62,62,53,58,53,64,50,84,68,80,76,68,74,81,73,73,66,66,64,83,29,51,44,54,14,37,0,25,0,54,47,68,67,83,11,102,57,68,66,400,385,362,85,132,132,111,93,181,180,341,136,171,89,91,89,101,89,93,79,86,93,112,28,57,33,43,8,8,14,13,22,37,52,70,8,70,8,8,8,8,8,8,8,8,0,0,0,0,0,0,0,0,0,0,0,0,0,0,0]} 1. e4 e6 2. d4 d5 3. Nc3 Nf6 4. Bg5 Be7 5. e5 Nfd7 6. Bxe7 Qxe7 7. f4 a6 8. Nf3 c5 9. Qd2 Nc6 10. dxc5 Nxc5 11. Bd3 b5 12. Ne2 {C14: French: Classical System: 4 Bg5 Be7 main line} f5 13. exf6 Qxf6 14. c3 {White is slightly better.} b4 15. Bc2 bxc3 16. bxc3 {[%cal Bb2c3,Bc3d4][%mdl 32]} O-O 17. O-O a5 18. Qe3 Qe7 19. Ned4 Nxd4 20. cxd4 Ne4 $146 21. Bxe4 dxe4 22. Ng5 Bb7 23. Nxe4 Rab8 24. Rab1 (24. Nc5 $16) 24... Bd5 25. Nc3 Bc4 26. Rfe1 {next Rxb8 is good for White.} Qa3 27. h3 h6 28. Kh2 Rb4 (28... Rxb1 $11 29. Rxb1 Qd6) 29. Rbc1 $14 Rbb8 30. Rc2 Rf7 31. Qe5 (31. Rd1 $16) 31... Rbf8 (31... Rb2 $11 {remains equal.} 32. Rxb2 Qxb2) 32. Re3 Qb4 33. Rg3 {Ne4 is the strong threat.} a4 $2 {[%mdl 8192]} (33... Qb8 $1 $14) 34. Ne4 $18 {And now Nd6 would win.} Bd5 35. Nc5 $2 (35. Nd6 $18 Rd7 36. f5 Qxd6 37. Rxg7+ $1 {[%mdl 576] Deflection} Rxg7 38. Qxd6 Rxf5 39. Rc8+ Kh7 40. g4) 35... Qb1 36. Re2 $1 Kh7 37. Nxa4 Bc4 (37... Qb8 $16) 38. Rb2 Qc1 $2 {[#]} (38... Qf5 39. Nb6 Ba6 40. Qxf5+ Rxf5) 39. Qe4+ $2 (39. f5 $1 $18) 39... Kh8 40. Rc3 ({Better is} 40. Rf2 $18) 40... Bd5 $16 41. Rxc1 Bxe4 42. Nc5 Bd5 43. g3 g5 44. Nd3 Ra7 {[#]} 45. Ne5 (45. fxg5 $1 $16 hxg5 46. Nb4) 45... Rfa8 46. Rcc2 Kg7 47. a4 gxf4 48. gxf4 h5 49. f5 {aiming for fxe6.} Rxa4 50. Rc7+ Kf6 51. Rf7+ Kg5 52. fxe6 (52. Rf2 $1 $14 Ra2 53. Rg7+ Kh6 54. Rg6+ {[%mdl 64] Double Attack} Kh7 55. Rxa2 Rxa2+ 56. Kg3) 52... Ra2 $1 $11 {[%cal Ra2b2] The position is equal.} 53. Rbf2 Rxf2+ 54. Rxf2 {Threatens to win with h4+!} Bxe6 {[%mdl 4096] Endgame KRB-KRN} 55. Nf3+ Kf4 56. Ng1+ Kg5 57. Rg2+ Kf4 58. Rf2+ Kg5 59. Re2 Bc4 60. Rc2 Ra4 61. Rd2 Bd5 62. Ne2 Ra1 63. Nc3 {Accuracy: White = 46%, Black = 43%.} 1/2-1/2

[Event "5th EKA IIFL Investment 2019"]
[Site "Mumbai"]
[Date "2020.01.04"]
[Round "6.25"]
[White "Sardana, Rishi"]
[Black "Senthil, Maran K"]
[Result "1-0"]
[WhiteElo "2428"]
[BlackElo "2305"]
[Annotator "TA"]
[PlyCount "75"]
[EventDate "2019.12.30"]
[EventType "swiss"]
[EventCountry "IND"]
[SourceTitle "playchess.com"]
[Source "ChessBase"]
[SourceQuality "1"]

{[%evp 10,75,24,0,30,0,0,0,0,-6,26,26,22,31,35,23,67,55,49,53,46,37,47,47,58,50,76,87,71,72,257,247,376,372,367,375,472,487,482,476,474,462,816,815,812,808,793,770,768,754,852,847,944,911,1108,1074,1290,1176,1333,1361,2955,2569,6268,6632,29991,29992,29992,29993]} 1. Nf3 d5 2. g3 g6 3. Bg2 Bg7 4. d4 c6 5. O-O Nf6 6. c4 dxc4 {D73: Fianchetto Grünfeld: 5 Nf3} (6... O-O 7. a4 Be6 8. Ng5 Bf5 9. b3 c5 10. Bb2 cxd4 11. cxd5 Nxd5 12. Bxd4 e5 13. Bc5 e4 14. Bxf8 Bxa1 15. Nxe4 Kxf8 16. Nbc3 Bxe4 17. Nxe4 Be5 18. Nc5 Nc6 19. Nxb7 Nc3 20. Nxd8 Nxd1 21. Nxc6 {1-0 (21) Mamedyarov,S (2772)-Paravyan,D (2629) Moscow 2019}) 7. a4 Ne4 8. Qc2 Nd6 {The position is equal.} 9. Nbd2 {[%cal Bb1d2,Bd2b3,Bb3c5][%mdl 32]} Be6 10. Ng5 Qc8 11. Nxe6 Qxe6 12. e3 a5 $146 ({Predecessor:} 12... Na6 13. a5 O-O 14. Ra4 {½-½ (40) Karttunen,M (2426)-Bartel,M (2624) Reykjavik 2015}) 13. b3 cxb3 14. Nxb3 O-O 15. Nc5 $36 {[%mdl 3072] White has compensation. White has the initiative.} Qc8 16. Rb1 Qc7 17. Ba3 Rc8 18. Rfc1 Ra7 19. Qb3 Nd7 $2 {[#]} (19... b5 $16 {is a better defense.}) 20. Bh3 $1 $18 Nf5 (20... Nxc5 {might work better.} 21. Bxc5 Rca8) 21. Nxd7 Qxd7 22. Bc5 b6 23. Qxb6 Raa8 24. e4 Bf6 25. exf5 Rcb8 (25... gxf5 $142 26. Bg2 e6) 26. Qxb8+ Rxb8 27. Rxb8+ Kg7 28. Ra8 gxf5 29. Rxa5 e6 30. Ra7 Qd5 31. Bg2 Qb3 32. Bxc6 Bg5 33. Rf1 f4 34. Be8 h5 35. Bxf7 Kh8 36. Bg6 Qf3 37. Rb1 Bd8 38. Bd6 {Accuracy: White = 89%, Black = 41%.} 1-0

[Event "5th EKA IIFL Investment 2019"]
[Site "Mumbai"]
[Date "2020.01.04"]
[Round "6.26"]
[White "Krishnater Kushager"]
[Black "Khusenkhojaev, Muhammad"]
[Result "1-0"]
[WhiteElo "2308"]
[BlackElo "2427"]
[Annotator "ChessBase"]
[PlyCount "63"]
[EventDate "2019.12.30"]
[EventType "swiss"]
[EventCountry "IND"]
[SourceTitle "playchess.com"]
[Source "ChessBase"]
[SourceQuality "1"]
[TimeControl "40/5400+30:1800+30"]

1. e4 {[%emt 0:00:00]} e5 {[%emt 0:00:06]} 2. Nf3 {[%emt 0:00:00]} Nc6 {[%emt 0:00:06]} 3. Bb5 {[%emt 0:00:00]} Nf6 {[%emt 0:00:08]} 4. O-O {[%emt 0:01:17]} Nxe4 {[%emt 0:00:18]} 5. d4 {[%emt 0:04:07]} Nd6 {[%emt 0:00:14]} 6. dxe5 {[%emt 0:00:05]} Nxb5 {[%emt 0:00:15]} 7. a4 {[%emt 0:00:03]} d6 {[%emt 0:05:38]} 8. e6 {[%emt 0:23:14]} fxe6 {[%emt 0:11:21]} 9. axb5 {[%emt 0:00:06]} Ne7 {[%emt 0:02:04]} 10. Ng5 {[%emt 0:10:10]} h6 {[%emt 0:04:41]} 11. Ne4 {[%emt 0:00:54]} d5 {[%emt 0:05:26]} 12. Qh5+ {[%emt 0:00:26]} g6 {[%emt 0:00:07]} 13. Qe5 {[%emt 0:00:04]} Rg8 {[%emt 0:01:41]} 14. Nf6+ {[%emt 0:01:19]} Kf7 {[%emt 0:00:05]} 15. Nxg8 {[%emt 0:00:57]} Kxg8 {[%emt 0:00:06]} 16. Qe2 {[%emt 0:00:00]} Nf5 {[%emt 0:00:30]} 17. Bf4 {[%emt 0:00:00]} Bd7 {[%emt 0:06:35]} 18. c3 {[%emt 0:12:37]} Qe8 {[%emt 0:03:09]} 19. Re1 {[%emt 0:00:49]} Nd6 {[%emt 0:03:32]} 20. Na3 {[%emt 0:00:45]} g5 {[%emt 0:01:15]} 21. Bg3 {[%emt 0:05:05]} Nxb5 {[%emt 0:04:09]} 22. Nxb5 {[%emt 0:01:18]} Bxb5 {[%emt 0:00:04]} 23. Qg4 {[%emt 0:01:04]} Qf7 {[%emt 0:00:12]} 24. h4 {[%emt 0:00:29]} Re8 {[%emt 0:04:09]} 25. hxg5 {[%emt 0:02:58]} a6 {[%emt 0:00:45]} 26. gxh6+ {[%emt 0:07:39]} Kh7 {[%emt 0:00:14]} 27. Re5 {[%emt 0:02:08]} Bxh6 {[%emt 0:02:19]} 28. Rh5 {[%emt 0:00:10]} Rg8 {[%emt 0:02:08]} 29. Rxh6+ {[%emt 0:00:24]} Kxh6 {[%emt 0:00:14]} 30. Bf4+ {[%emt 0:00:03]} Kh7 {[%emt 0:00:21]} 31. Qh4+ {[%emt 0:00:04]} Kg6 {[%emt 0:00:10]} 32. Qg5+ {[%emt 0:00:03]} 1-0

[Event "5th EKA IIFL Investment 2019"]
[Site "Mumbai"]
[Date "2020.01.04"]
[Round "6.27"]
[White "Mohammad Nubairshah Shaikh"]
[Black "Nitish Belurkar"]
[Result "1/2-1/2"]
[WhiteElo "2428"]
[BlackElo "2294"]
[Annotator "TA"]
[PlyCount "166"]
[EventDate "2019.12.30"]
[EventType "swiss"]
[EventCountry "IND"]
[SourceTitle "playchess.com"]
[Source "ChessBase"]
[SourceQuality "1"]

{[%evp 16,166,58,46,48,55,57,49,50,56,58,40,41,25,23,10,37,21,16,25,51,40,37,0,0,0,0,0,8,-35,0,-21,-19,-20,-13,-18,15,0,14,-3,0,-17,-14,-16,0,0,14,17,25,15,32,14,12,13,39,39,40,40,48,46,93,52,51,27,35,33,58,61,55,48,44,51,76,76,97,77,111,77,114,59,145,138,198,152,214,218,213,177,238,229,227,234,234,250,216,174,502,481,473,225,184,0,483,475,429,0,1170,1150,1150,1162,1075,1106,1087,1026,969,933,5089,443,359,100,475,407,437,262,257,59,80,0,0,0,0,0,0,0,0,0,0,0,0,0,0,0,0,0,0,0,0,0,0,0,0,0,0]} 1. Nf3 Nf6 2. c4 g6 3. Nc3 Bg7 4. d4 d6 5. e4 O-O 6. Be2 e5 7. O-O Na6 8. Be3 c6 9. Re1 exd4 {E94: King's Indian: Classical: 6 Be2 e5 7 0-0: Various Black 7th moves} 10. Nxd4 Nc5 $146 (10... Re8 11. f3 Nc5 12. Bf1 a5 13. Qd2 Qe7 14. Rad1 Nfd7 15. Nde2 Be5 16. Ng3 a4 17. Bg5 Qf8 18. Bh6 Qe7 19. Bg5 Qf8 20. Bh6 Qe7 {0-1 (74) Jakovenko,D (2747)-Nenezic,M (2495) Batumi 2018}) 11. f3 a5 {White is slightly better.} 12. Qd2 Nfd7 13. Rad1 a4 14. Bf1 Re8 15. Nde2 Bf8 16. Kh1 Qc7 17. Nc1 Nb6 18. Bf4 Be6 19. Qf2 {Qxc5! is the strong threat.} Nbd7 20. Bg3 Ne5 21. h3 {And now f4 would win.} f5 (21... Bxc4 $2 22. Bxe5 (22. Bxc4 Nxc4 23. Qxc5 dxc5 $16) 22... dxe5 23. Bxc4 $18) 22. f4 Nf7 (22... Nxc4 $6 23. exf5 gxf5 24. Rxe6 $1 $16 {[%mdl 512]}) 23. Nd3 Nxe4 24. Nxe4 fxe4 25. Rxe4 Bf5 26. Ree1 Bg7 27. Qd2 c5 28. Nc1 Qb6 29. b3 axb3 30. axb3 Qc6 31. Kh2 Rxe1 32. Rxe1 Re8 33. Bd3 Nh6 34. Bf2 Bxd3 (34... Rxe1 {is interesting.} 35. Qxe1 Kf7 36. Bf1 Be6 37. g4 Qf3) 35. Rxe8+ Qxe8 36. Qxd3 Qc6 37. Ne2 Nf7 38. Bh4 Qe8 39. Kg3 Qe6 40. Kf3 Kf8 41. Qe4 Qd7 42. Ke3 Nh6 {Hoping for ...Nf5+.} 43. g4 Ng8 44. f5 Bh6+ 45. Kd3 g5 46. Bf2 Nf6 47. Qf3 (47. Qe3 $1 $16) 47... Kf7 (47... Bg7 $14) 48. Nc3 Bf8 (48... Bg7 $16 49. Bg3 Bf8) 49. h4 $36 {[%mdl 2048] White is really pushing.} h6 (49... Qc6 $16 {keeps fighting.} 50. Qh3 h6 51. hxg5 hxg5) 50. hxg5 $18 hxg5 51. Be3 Bh6 (51... Qc6 $142 52. Qh3 Bg7 53. Bxg5 d5 54. Bxf6 dxc4+ 55. Kxc4 (55. bxc4 Qxf6 56. Kc2 Qg5 $18) 55... Bxf6) 52. Nd5 Qc6 53. Qh1 Nxd5 54. Qxh6 (54. Qh5+ Ke7 $11) 54... Nb4+ 55. Kc3 Qa6 $2 (55... Ke8 {is more resistant.}) 56. Qe6+ Kf8 {Now ...Qa1+ and Black clings on.} 57. Qf6+ (57. Qc8+ $142 Kf7 58. Qe6+ (58. Bxg5 $2 Qa1+ 59. Kd2 Qd4+ {[%mdl 64] Double Attack} 60. Ke2 Qxg4+ {[%mdl 64] Double Attack} 61. Kf1 Qxg5 $19) 58... Kf8 59. Qc8+ (59. Bxg5 Qa1+ 60. Kd2 Qd4+ {[%mdl 64] Double Attack} 61. Ke1 Qg1+ 62. Kd2 Qf2+ 63. Qe2 Qd4+ 64. Ke1 Qg1+ 65. Kd2 Qd4+ 66. Ke1 Qg1+ 67. Kd2 Qd4+ $11) 59... Kg7 60. Qd7+ (60. Bxg5 $2 Qa1+ 61. Kd2 Qd4+ {[%mdl 64] Double Attack} 62. Ke1 Qg1+ 63. Ke2 Qxg4+ 64. Kf1 Qxg5 $19) 60... Kf8 61. Qa4 (61. Bxg5 $2 Qa1+ 62. Kd2 Qd4+ {[%mdl 64] Double Attack} 63. Ke1 Qg1+ 64. Ke2 Qxg4+ {[%mdl 64] Double Attack} 65. Kf2 Qxg5 $19)) 57... Ke8 {( -> ...Qa1+)} 58. Qe6+ $2 ({And not} 58. Qxg5 Qa1+ 59. Kd2 Qb2+ 60. Ke1 Qg2 $11) (58. Bxg5 {[%csl Gg5][%cal Rf6e7]} Qa1+ 59. Kd2 Qa2+ 60. Ke3 Qxb3+ 61. Kf2 Nd3+ 62. Kg3 Ne5+ 63. Kh4 Nf3+ 64. Kh5 Nxg5 65. Kxg5 Qxc4 66. Kh6 (66. Qxd6 Qg8+ 67. Kf6 Qh8+ 68. Kg6 Qg8+ 69. Kf6 Qh8+ 70. Kg5 Qg8+ 71. Kh5 Qh7+ 72. Kg5 Qg8+ $14)) 58... Kf8 $1 {Black hopes to continue with ...Qa1+.} 59. Qc8+ Kf7 {next ...Qa1+ is good for Black.} 60. Qc7+ $2 (60. Qd7+ $1 $18 Kf8 61. Qa4 (61. Bxg5 $2 Qa1+ 62. Kd2 Qd4+ {[%mdl 64] Double Attack} 63. Ke2 Qxg4+ {[%mdl 64] Double Attack} 64. Kf1 Qxg5 $19)) 60... Kf8 $2 {[%mdl 8192]} (60... Ke8 $11) 61. Bxc5 Na2+ 62. Kb2 {Intending f6 and mate.} dxc5 63. Qxc5+ Kf7 64. Qc7+ Kf6 65. Qd8+ Kf7 {[#]} 66. Qd5+ (66. f6 $142 $1 {[%mdl 512]} Kg6 (66... Qxf6+ 67. Qxf6+) 67. Qh8 Qxf6+ 68. Qxf6+ Kxf6 69. Kxa2) 66... Kf6 {intending ...Nb4.} 67. Qg8 $2 (67. Qd4+ $18 {and the rest is easy.} Kf7 68. Qd7+ Kf8 69. f6 $1 {[%mdl 576] Deflection} Qxf6+ 70. Kxa2) 67... Qa7 $2 {[%mdl 8192]} (67... Qa5 $16 {is tougher.}) 68. Qe6+ Kg7 69. f6+ (69. Qe7+ $142 Kg8 70. Qxg5+ Kf8 71. Qd2) 69... Kg6 {[#]} 70. f7+ $2 (70. Qf5+ $1 $18 Kf7 71. Qxg5 Qf2+ 72. Ka1) 70... Kg7 $14 71. Qe7 ({White should play} 71. Qf5 $16 {[%cal Rf7f8]} Kf8 72. Qg6 (72. Qxg5 Qf2+ {[%mdl 64] Double Attack} 73. Ka3 Qa7+ 74. Kb2 Qf2+ {[%mdl 64] Double Attack} 75. Ka3 Qa7+ 76. Kb2 $11) 72... Qd4+ 73. Kxa2 Qd2+ 74. Kb1 Qd1+ 75. Ka2 Qd2+ 76. Kb1 Qd1+ 77. Ka2 Qd2+) 71... Qf2+ {The position is equal.} 72. Ka3 Qa7+ 73. Kb2 Qf2+ 74. Ka1 Qd4+ $1 {[%mdl 64] Double Attack} 75. Kxa2 $11 {[%mdl 4096] Endgame KQ-KQ} Qd2+ 76. Kb1 Qd1+ {[%mdl 64] Double Attack} 77. Kb2 Qd2+ 78. Ka1 Qd1+ 79. Ka2 Qd2+ 80. Ka3 Qa5+ 81. Kb2 Qd2+ 82. Ka1 Qd1+ 83. Ka2 Qd2+ {Accuracy: White = 45%, Black = 46%.} 1/2-1/2